000
00323nam a2200133Ia 4500
008
151213s9999 xx 000 0 und d
100
_a
David B. Pirie
245
_a
Shelly
_c
David B. Pirie
260
_a
New Dhilhi
_b
Viva Books
_c
2003
300
_a
1878 p.
650
_a
English
700
_a
David B. Pirie
999
_c
1383
_d
1383